000 00313nam a22001337a 4500
008 180926b xxu||||| |||| 00| 0 eng d
020 _a9780130310439
041 _aeng
080 _24 ED
_a610
100 _a3
101 _aSHM
245 _aOccupationalSafety And Healh
_cGoetssch.D.L
942 _2udc
_cBK
999 _c48485
_d48485